Countries by Corruption - Statistics

General Stats
  • This quiz has been taken 62 times
  • The average score is 125 of 176
Answer Stats
Ranking Score Country % Correct
18 74  United States
92%
79 40  China
90%
79 40  India
88%
6 85  Norway
88%
4 88  Sweden
88%
10 81 United Kingdom
88%
9 82  Canada
86%
1 90  Denmark
86%
3 89  Finland
84%
20 72  Japan
84%
176 8  North Korea
84%
116 32  Pakistan
82%
13 79  Australia
80%
17 75  Austria
80%
22 70  Estonia
80%
23 69  France
80%
10 81  Germany
80%
159 20  Haiti
80%
131 29  Iran
80%
166 17  Iraq
80%
38 59  Lithuania
80%
123 30  Mexico
80%
8 83  Netherlands
80%
29 62  Portugal
80%
169 15  Afghanistan
78%
156 21  Democratic Republic of the Congo
78%
14 78  Iceland
78%
19 73  Ireland
78%
44 57  Latvia
78%
1 90  New Zealand
78%
101 35  Peru
78%
29 62  Poland
78%
62 46  Saudi Arabia
78%
175 10  Somalia
78%
52 53  South Korea
78%
41 58  Spain
78%
170 14  Sudan
78%
5 86   Switzerland
78%
145 26  Bangladesh
76%
156 21  Cambodia
76%
60 47  Cuba
76%
47 55  Czech Republic
76%
90 37  Indonesia
76%
28 64  Israel
76%
60 47  Italy
76%
145 26  Kenya
76%
75 41  Kuwait
76%
170 14  Libya
76%
87 38  Mongolia
76%
131 29    Nepal
76%
64 45  Oman
76%
87 38  Panama
76%
31 61  Qatar
76%
159 20  Republic of the Congo
76%
72 42  Serbia
76%
54 51  Slovakia
76%
31 61  Slovenia
76%
174 11  South Sudan
76%
166 17  Venezuela
76%
170 14  Yemen
76%
123 30  Azerbaijan
73%
15 77  Belgium
73%
113 33  Bolivia
73%
24 66  Chile
73%
90 37  Colombia
73%
55 49  Croatia
73%
123 30  Djibouti
73%
120 31  Dominican Republic
73%
44 57  Georgia
73%
57 48  Jordan
73%
123 30  Laos
73%
10 81  Luxembourg
73%
55 49  Malaysia
73%
64 45  Montenegro
73%
101 35  Niger
73%
136 28  Nigeria
73%
131 29  Russia
73%
7 84  Singapore
73%
95 36  Sri Lanka
73%
173 13  Syria
73%
151 25  Uganda
73%
131 29  Ukraine
73%
113 33  Vietnam
73%
108 34  Algeria
71%
79 40  Belarus
71%
27 65  Bhutan
71%
79 40  Brazil
71%
75 41  Bulgaria
71%
164 18  Eritrea
71%
69 44  Greece
71%
136 28  Guatemala
71%
57 48  Hungary
71%
136 28  Lebanon
71%
101 35  Philippines
71%
64 45  Suriname
71%
101 35  Thailand
71%
75 41  Turkey
71%
24 66  United Arab Emirates
71%
164 18  Angola
69%
95 36  Argentina
69%
24 66  Bahamas
69%
47 55  Cyprus
69%
38 59  Dominica
69%
120 31  Ecuador
69%
108 34  Ethiopia
69%
142 27  Guinea
69%
108 34  Guyana
69%
83 39  Jamaica
69%
95 36  Kosovo
69%
47 55  Malta
69%
136 28  Papua New Guinea
69%
57 48  Romania
69%
64 45  South Africa
69%
31 61  Taiwan
69%
116 32  Tanzania
69%
21 71  Uruguay
69%
154 22  Zimbabwe
69%
83 39  Albania
67%
113 33  Armenia
67%
95 36  Benin
67%
83 39  Bosnia and Herzegovina
67%
38 59  Cape Verde
67%
108 34  Egypt
67%
95 36  El Salvador
67%
70 43  Ghana
67%
145 26  Madagascar
67%
142 27  Mauritania
67%
123 30  Moldova
67%
142 27  Mozambique
67%
123 30  Paraguay
67%
50 54  Rwanda
67%
154 22  Turkmenistan
67%
31 61  Barbados
65%
145 26  Cameroon
65%
159 20  Central African Republic
65%
41 58  Costa Rica
65%
101 35  Gabon
65%
145 26  Gambia
65%
168 16  Guinea-Bissau
65%
123 30  Honduras
65%
108 34  Ivory Coast
65%
131 29  Kazakhstan
65%
83 39  Lesotho
65%
95 36  Maldives
65%
116 32  Mali
65%
90 37  Morocco
65%
145 26  Nicaragua
65%
151 25  Tajikistan
65%
116 32  Togo
65%
75 41  Tunisia
65%
156 21  Uzbekistan
65%
159 20  Burundi
63%
136 28  Kyrgyzstan
63%
90 37  Macedonia
63%
136 28  Myanmar
63%
53 52  Namibia
63%
101 35  Trinidad and Tobago
63%
87 38  Zambia
63%
70 43  Bahrain
61%
90 37  Liberia
61%
120 31  Malawi
61%
35 60  Saint Lucia
61%
64 45  Senegal
61%
123 30  Sierra Leone
61%
35 60  Botswana
59%
41 58  Brunei
59%
72 42  Burkina Faso
59%
159 20  Chad
59%
153 24  Comoros
59%
50 54  Mauritius
59%
62 46  São Tomé and Príncipe
59%
72 42  Solomon Islands
59%
46 56  Grenada
57%
35 60  Saint Vincent and the Grenadines
55%
101 35  Timor-Leste
29%
15 77  Hong Kong
27%
No matching quizzes found
Score Distribution
Percent of People with Each Score
Percentile by Number Answered
Your Score History
You have not taken this quiz